| 000 | 01479nam a2200241 4500 | ||
|---|---|---|---|
| 999 |
_c62234 _d62234 |
||
| 003 | Ge_BSU | ||
| 005 | 20240827150104.0 | ||
| 008 | 240827s2010 ge ||||| |||| 00| 0 geo d | ||
| 041 | _ageo | ||
| 080 | _a39(=35)+94(=35)+811.35’373.2 გ-60 | ||
| 100 |
_aგოგიტიძე, სიმონ _9101 |
||
| 245 |
_aქაშქა-აბეშლა : _bაფხაზურ (აფსუა)-ადიღეური თუ ქართველური მოდგმა? / _cსიმონ გოგიტიძე ; [რედ. ამირან კახიძე] ; ნიკო ბერძენიშვილის ინ-ტი. |
||
| 264 |
_aბათუმი : _bშოთა რუსთაველის სახელმწ. უნ-ტის გამ-ბა და სტ., _c 2010. |
||
| 300 |
_a324გვ. : _bრუკ. ; _c20სმ. |
||
| 504 | _aბიბლიოგრ. ტექსტ. შენიშვნ. | ||
| 520 | _aრეზ. ინგლ. და რუს. | ||
| 653 | _aკავკასიის ხალხთა ეთნოგრაფია | ||
| 653 | _aკავკასიის ხალხთა ისტორია | ||
| 653 | _aკავკასიის ხალხთა ონომასტიკა | ||
| 700 |
_aკახიძე, ამირან, _eრედაქტორი _923131 |
||
| 710 |
_aნიკო ბერძენიშვილის ინ-ტი _923132 |
||
| 942 |
_2udc _cBK |
||